00448nam a2200169Ia 450000500170000000800410001702000180005804100080007608200150008410000170009924500410011626000380015730000090019550000290020465000280023370000170026120251118112841.0230125s9999 xx 000 0 und d a0-07-049934-9 aeng a158.1bTHO aThompson C B aInterviewing Techniques for Managers c2002bTata McGraw HillaNew Delhi a221p aPersonality Development, aPersonality Development aThompson C B